Wszystkie przystanki MPK Lublin - Statystyki

Ogólne statystyki
  • Ten quiz został rozwiązany 203 razy
  • Średni wynik to 206 z 1293
Statystyki odpowiedzi
Lp. Nazwa Przystanku % Poprawnych
508 | 509 | 510 KUL
69%
671 | 672 Ogród Saski
69%
781 | 782 | 783 | 784 Plac Litewski
65%
1 | 2 Abramowice
61%
221 | 222 | 223 | 224 Felin
61%
527 | 528 Lipowa - cmentarz
56%
1142 | 1143 | 1144 Węglin
54%
896 | 897 | 898 | 899 Rondo Krwiodawców
53%
1100 | 1101 UMCS
53%
44 | 45 | 46 | 47 Brama Krakowska
51%
168 | 169 | 170 | 171 Dworzec Lublin
51%
475 | 476 Krakowskie Przedmieście
51%
693 | 694 Os. Poręba
49%
788 | 789 Plac Wolności
49%
1216 | 1217 Zamojska
49%
641 | 642 | 643 Muzyczna
48%
900 Rondo Lubelskiego Lipca
48%
646 | 647 | 648 Nałęczowska
47%
755 | 756 | 757 | 758 Park Bronowice
47%
1166 | 1167 | 1168 | 1169 Wojciechowska
46%
703 | 704 Os. Widok
45%
777 | 778 | 779 | 780 Plac Bychawski
45%
131 Dolna 3 Maja
44%
522 | 523 Liceum im. Staszica
44%
562 | 563 Majdanek
44%
639 | 640 MPWiK
44%
989 | 990 Spadochroniarzy
44%
15 | 16 | 17 | +2 others Arena Lublin
42%
80 | 81 Choiny
42%
785 | 786 | 787 Plac Singera
42%
1070 | 1071 | 1072 | 1073 Targi Lublin
42%
1218 | 1219 | 1220 | 1221 Zana Leclerc
42%
261 | 262 Głusk
41%
676 | 677 Olimp
41%
1269 | 1270 | 1271 | 1272 ZUS
41%
76 | 77 | 78 Chodźki - szpital
39%
79 Chodźki-szpital
39%
586 Mełgiew
39%
600 | 601 | 602 Mickiewicza
39%
1038 | 1039 Szpital Wojewódzki
39%
533 | 534 Lotnicza
38%
808 | 809 | 810 | 811 Poczekajka
38%
821 | 822 Politechnika
38%
1222 Zana ZUS
38%
143 Dominów
36%
313 | 314 | 315 IKEA
36%
724 | 725 | 726 | +3 others Paderewskiego
36%
1102 | 1103 | 1104 | 1105 Unicka
36%
209 | 210 Elizówka
35%
1279 | 1280 | 1281 | +2 others Żeglarska
35%
219 | 220 Fantastyczna
34%
1091 | 1092 Turka
34%
1226 | 1227 Zbożowa
34%
352 | 353 Jana Sawy
33%
444 Koncertowa
33%
1093 | 1094 | 1095 Turystyczna
33%
455 Konopnicka
32%
681 | 682 | 683 | 684 Orfeusz
32%
1147 | 1148 | 1149 Węglinek
32%
1199 | 1200 | 1201 | 1202 Wyścigowa
32%
107 | 108 Czwartek
31%
117 Dąbrowica
31%
195 | 196 Dziewanny
31%
368 | 369 | 370 | 371 Kalinowszczyzna
31%
752 | 753 | 754 Park Akademicki
31%
879 | 880 | 881 Romera
31%
1018 | 1019 Sympatyczna
31%
1277 | 1278 Zwycięska
31%
673 | 674 Okopowa
30%
959 | 960 Sławin
30%
366 | 367 Jutrzenki
29%
560 | 561 Majdanek - pomnik
29%
589 | 590 Mełgiewska WSEI
29%
670 Ogród Botaniczny
29%
687 | 688 Os. Górki
29%
736 | 737 | 738 | +4 others Pancerniaków
29%
882 | 883 | 884 | 885 Rondo Berbeckiego
29%
1032 | 1033 Szmaragdowa
29%
154 | 155 Dulęby
28%
300 | 301 | 302 Herberta
28%
1137 | 1138 | 1139 | 1140 Węglarza
28%
146 | 147 | 148 | 149 Doświadczalna
27%
286 | 287 | 288 | 289 Grygowej
27%
513 | 514 | 515 Kupiecka IKEA
27%
695 | 696 Os. Skarpa
27%
734 | 735 Pana Tadeusza
27%
842 | 843 Probostwo
27%
844 | 845 | 846 | 847 Prusa
27%
1068 | 1069 Targ Pod Zamkiem
27%
1145 | 1146 Węglin Wróbla
27%
225 Felin Europark
26%
242 | 243 | 244 Galeria Labirynt
26%
922 Rudnik
26%
113 Daszyńskiego
25%
172 | 173 Dworzec Północny
25%
204 | 205 | 206 Elizówka - giełda
25%
226 | 227 | 228 | 229 Felin Kalinówka
25%
230 | 231 Felin Spiessa
25%
232 | 233 Felin Uniwersytet
25%
249 | 250 | 251 | 252 Gęsia
25%
331 | 332 Jaczewskiego
25%
526 Lipniak
25%
581 | 582 Medalionów
25%
697 | 698 Os. Słowackiego
25%
812 | 813 Pogodna
25%
831 | 832 Poznańska
25%
918 | 919 | 920 Roztocze
25%
945 | 946 | 947 | 948 Skansen
25%
1015 | 1016 | 1017 Sulisławicka
25%
33 | 34 Bociania
24%
54 | 55 | 56 | 57 Budowlana
24%
357 | 358 Jastków
24%
408 | 409 Kawka
24%
593 Metalurgiczna
24%
619 | 620 Mościckiego
24%
730 | 731 | 732 | 733 Paganiniego
24%
839 | 840 | 841 Prawiedniki
24%
893 | 894 | 895 Rondo Kilara
24%
926 | 927 Rzeckiego
24%
952 | 953 Skrzetuskiego
24%
1161 | 1162 Witosa Felicity
24%
8 | 9 Abramowicka Dominów
23%
118 | 119 Dąbrowska
23%
293 | 294 | 295 Harnasie
23%
504 | 505 Krzemieniecka
23%
545 | 546 Łabędzia
23%
608 | 609 Młodej Polski
23%
661 | 662 Niepodległości
23%
816 | 817 Poligon
23%
820 Poligonowa
23%
877 | 878 Romera - kościół
23%
1026 Szewska
23%
1036 | 1037 Szpital Neuropsychiatryczny
23%
1066 | 1067 Tarasy Zamkowe
23%
1090 Turka - os. Borek
23%
1122 | 1123 Walecznych
23%
27 | 28 Biskupa Fulmana
22%
50 | 51 Brzeskiej
22%
316 | 317 Instytut Agrofizyki
22%
401 Kawka - -las
22%
767 | 768 Piastowska
22%
1159 | 1160 Witosa Carrefour
22%
1267 | 1268 ZSTK
22%
23 | 24 Betonowa
21%
150 | 151 | 152 | 153 Dożynkowa
21%
485 Krasińskiego
21%
678 | 679 Oratoryjna
21%
765 | 766 Perłowa
21%
823 | 824 Popiełuszki
21%
833 | 834 Pozytywistów
21%
858 | 859 Puławska
21%
872 | 873 Reja
21%
888 | 889 | 890 Rondo Kamińskiego
21%
928 | 929 | 930 Rzemieślnicza
21%
961 Sławinkowska
21%
1292 | 1293 Żywnego
21%
12 | 13 | 14 Andersa - cmentarz
20%
255 | 256 Głowackiego
20%
277 Granitowa
20%
666 | 667 Nowy Świat
20%
743 | 744 | 745 Pancerniaków Felicity
20%
939 | 940 | 941 | 942 Sikorskiego
20%
1154 | 1155 Wiklinowa
20%
1206 Zadębie
20%
1273 | 1274 | 1275 | 1276 Związkowa
20%
3 Abramowice Prywatne
19%
42 | 43 Braci Wieniawskich
19%
52 | 53 Brzeskiej II
19%
120 | 121 Dębówka
19%
134 | 135 Domeyki
19%
311 Hutnicza
19%
356 Jastków - biblioteka
19%
415 | 416 Kleeberga
19%
420 | 421 | 422 Klub Jeździecki
19%
445 | 446 Konopnica - kościół
19%
454 Konopnica kościół
19%
491 Krężnica Jara
19%
542 | 543 Lubella
19%
564 | 565 Makowa
19%
617 Morzyckiej
19%
848 | 849 | 850 Przyjaźni
19%
101 | 102 Czechowska
18%
174 | 175 Dworzec Świdnik Miasto
18%
201 | 202 | 203 Elektromontaż
18%
319 Irydiona
18%
442 | 443 Koło
18%
447 | 448 Konopnica - las
18%
502 | 503 Kryształowa
18%
577 | 578 Mazowiecka
18%
605 | 606 | 607 Mineralna
18%
612 | 613 Montażowa
18%
794 | 795 Pliszczyn
18%
876 Rolna Osada
18%
933 | 934 Samsonowicza
18%
956 Skrzypcowa
18%
1044 | 1045 Śliwińskiego
18%
1007 | 1008 Stolarska
18%
1009 | 1010 Strojnowskiego
18%
1030 | 1031 Szkoła Muzyczna
18%
1096 | 1097 Turystyczna Leclerc
18%
1183 | 1184 WSPA
18%
1186 Wygodna
18%
1214 | 1215 Zalewskiego
18%
1288 | 1289 Żelazowej Woli
18%
1230 | 1231 | 1232 | 1233 Zelwerowicza
18%
1264 | 1265 | 1266 Zorza
18%
128 Dobrzańskiego
17%
259 | 260 Głusk - cmentarz
17%
410 | 411 Kiepury
17%
691 | 692 Os. Nałkowskich
17%
763 | 764 Pawia
17%
936 | 937 | 938 Sierpińskiego
17%
969 | 970 Smugi
17%
1000 Stasin
17%
1074 | 1075 Tatarska
17%
1156 | 1157 Wilcza
17%
1225 Zawieprzyce
17%
58 | 59 Bukowa
16%
265 Głuszczyzna
16%
380 | 381 Kalinówka
16%
458 | 459 Kosmonautów
16%
531 | 532 Lisa
16%
544 Lubomelska
16%
603 | 604 Miętowa
16%
685 | 686 Organowa
16%
717 | 718 | 719 Osmolicka
16%
701 | 702 Os. Świt
16%
987 | 988 Sowińskiego
16%
1040 | 1041 Szwedzka
16%
1152 | 1153 Wiercieńskiego
16%
60 | 61 Bursaki
15%
97 | 98 Cisowa
15%
308 | 309 | 310 Hubalczyków
15%
322 | 323 | 324 Jabłonna - Urząd Gminy
15%
386 | 387 Karkonoska
15%
1052 | 1053 Świdnik Helikopter
15%
1027 | 1028 | 1029 Szklarniana
15%
1064 | 1065 Tarasowa
15%
1128 | 1129 | 1130 Warszawska-cerkiew
15%
1174 | 1175 | 1176 | 1179 Wólka
15%
1239 | 1240 Zemborzyce Górne
15%
7 Abramowicka - posesja 102
14%
10 | 11 Akademia W. Pola
14%
20 Armii Krajowej
14%
21 | 22 Barak
14%
31 | 32 Bluszczowa
14%
35 | 36 Bogdanówka
14%
68 | 69 Ceramiczna
14%
84 Ciecierzyn - Żulin
14%
114 Dąbrowa
14%
161 | 162 | 163 Dworzec Gł. PKS
14%
217 | 218 Fabryka Wag
14%
247 | 248 Gen. Zajączka
14%
282 | 283 Grunwaldzka
14%
350 | 351 Jana Pawła II
14%
487 | 488 Kresowa
14%
579 | 580 Mazowieckiego
14%
587 | 588 Mełgiewska - chłodnia
14%
598 | 599 Mętów
14%
699 | 700 Os. Szymanowskiego
14%
722 | 723 Outlet Center
14%
868 | 869 Rataja
14%
931 | 932 Sachsów
14%
935 Sapiehy
14%
943 | 944 Skalskiego
14%
954 | 955 Skrzynicka
14%
963 | 964 Smoluchowskiego
14%
1024 | 1025 Szerokie
14%
1150 | 1151 Wieniawa stadion
14%
1164 | 1165 Wojciechowska - zespół szkół
14%
1243 Zemborzyce Podleśne
14%
39 | 40 Botaniczna
13%
111 | 112 Ćmiłów
13%
157 | 158 Dworzec Gł. PKP
13%
165 | 166 | 167 Dworzec Gł.PKP
13%
216 Energetyków
13%
253 Gęsia II
13%
271 | 272 Górki Czechowskie
13%
460 | 461 Kosmowskiej
13%
615 | 616 Morwowa - Helenów
13%
664 | 665 Nowickiego
13%
921 Rudnik - kościół
13%
1131 Wądolna
13%
1286 | 1287 Żelazna
13%
1257 Zesłańców Sybiru
13%
91 | 92 | 93 Cienista
12%
126 | 127 Długie
12%
136 | 137 Dominowska
12%
132 | 133 Dom Kolejarza
12%
178 | 179 Dworzec Towarowy PKP
12%
186 Dys - Wąwozowa
12%
211 | 212 | 213 Elizówka bloki
12%
273 | 274 Grabskiego
12%
298 | 299 Heloizy
12%
312 IKEA - wiadukt
12%
486 Kraszewskiego
12%
566 | 567 Makro
12%
610 | 611 Młodzieżowa
12%
634 Motycz Leśny - remiza
12%
655 Nasutów - kościół
12%
651 | 652 Nasutowska IKEA
12%
759 Park Naukowo - Technologiczny
12%
760 Park Naukowo Technologiczny
12%
769 | 770 Pienińska
12%
773 | 774 Piotrowice
12%
957 | 958 Skwer Borowiczan
12%
991 | 992 Spółdzielcza
12%
1005 | 1006 Stefczyka
12%
1124 | 1125 Walentynowicz
12%
1134 | 1135 Wertera
12%
1185 Wydział Farmaceutyczny
12%
1258 | 1259 Zielone Wzgórze
12%
140 | 141 | 142 Dominów - skrzyżowanie
11%
257 | 258 Główna
11%
462 | 463 Kosynierów
11%
668 | 669 Ofelii
11%
905 | 906 | 907 Rondo Przemysłowców
11%
1077 | 1078 Tokarska
11%
1117 | 1118 Vetterów
11%
1189 | 1190 Wykietówka
11%
48 Brzegowa
10%
109 | 110 Ćmiłów - kościół
10%
138 | 139 Dominów - ogródki działkowe
10%
266 | 267 Gnieźnieńska
10%
275 | 276 Granata
10%
278 | 279 | 280 Grenadierów
10%
284 | 285 Grygowej - osiedle
10%
292 Grygowej osiedle
10%
306 | 307 Hotel pod Kasztanami
10%
365 Jesienna
10%
395 | 396 Kasprowicza
10%
399 | 400 Kawia
10%
557 | 558 Majdan Krasieniński
10%
570 | 571 | 572 Marina
10%
591 | 592 Metalurgiczna - hurtownia
10%
649 | 650 Narcyzowa
10%
689 | 690 Os. Lipińskiego
10%
720 | 721 Ośrodek Wrotków
10%
814 | 815 Polfa
10%
818 | 819 Poligonowa - osiedle
10%
829 | 830 Powojowa
10%
874 | 875 Rogowskiego
10%
886 | 887 Rondo Geodetów
10%
891 | 892 Rondo Karszo-Siedlewskiego
10%
908 | 909 | 910 | +3 others Rondo Sportowców
10%
1061 | 1062 Świętochowskiego
10%
1034 Szpital Dziecięcy
10%
1086 | 1087 Trześniowska
10%
1098 | 1099 Tyszowiecka
10%
1113 | 1114 Urodzajna
10%
1126 | 1127 Wapowskiego
10%
1284 | 1285 Żeglarska II
10%
62 | 63 Bursaki II
9%
95 | 96 Ciepłownicza
9%
240 | 241 Gajowa
9%
456 | 457 Koryznowej
9%
555 | 556 Majdan Krasieniński - sklep
9%
596 | 597 Mętów - szkoła
9%
614 Moritza
9%
618 Most im.Kaczorowskiego
9%
748 | 749 Panieńszczyzna
9%
827 Port Lotniczy Lublin - odloty
9%
986 Sobótki
9%
1079 | 1080 Tomaszowice - kościół
9%
1088 | 1089 Turka - Dębowa
9%
1115 | 1116 Ustronie
9%
1163 Witosa Makro
9%
1207 | 1208 Zadębie PKP
9%
4 | 5 Abramowice Prywatne I
8%
37 | 38 Bohaterów M. Cassino
8%
41 Braci Krausse
8%
49 Brzegowa - wiadukt
8%
105 | 106 Czerniejów
8%
144 | 145 Dominów Urząd Gminy
8%
156 Dworzec Gł. PKP - Kunickiego
8%
164 Dworzec Gł.PKP -Kunickiego
8%
193 | 194 Dzbenin
8%
199 | 200 Elektrociepłownia
8%
268 | 269 | 270 Goździkowa
8%
305 Hotel Locomotiva
8%
327 | 328 Jacków
8%
354 | 355 Janowska - stacja pomp
8%
384 | 385 Kaprysowa
8%
412 | 413 Kijańska
8%
427 | 428 | 429 Kolonia Dąbrowica
8%
494 | 495 Krężnicka - kemping
8%
496 | 497 Krężnicka - przejazd
8%
498 | 499 Krężnicka - przychodnia
8%
500 | 501 Krężnicka - szkoła
8%
519 Leśna
8%
675 Olchowa
8%
750 | 751 Parczewska
8%
772 Piotrawin - Wygoda
8%
796 | 797 Pliszczyn szkoła
8%
828 Port Lotniczy Lublin - przyloty
8%
870 | 871 Rąblowska
8%
862 | 863 Racławicka I
8%
864 | 865 Racławicka II
8%
916 | 917 Roślinna
8%
950 | 951 Skowronkowa
8%
1011 | 1012 Strojnowskiego II
8%
1013 | 1014 Strzeszewskiego
8%
1112 Uniszowice
8%
1120 | 1121 Walecznych - cmentarz
8%
1132 | 1133 Wąwozowa
8%
1170 | 1171 Wola Sławińska
8%
1187 | 1188 Wygodna I
8%
1228 | 1229 Zdrowa
8%
124 | 125 Długie - stolarnia
7%
236 | 237 Franciszków - Szkolna
7%
320 | 321 Jabłonna - stacja paliw
7%
363 | 364 Jemiołowa
7%
397 | 398 Kasztanowa
7%
575 | 576 Marzanny
7%
790 | 791 Plewińskiego
7%
949 Składowa
7%
965 | 966 | 967 | 968 Smoluchowskiego koszary
7%
1054 | 1055 Świdnik Mały
7%
1172 | 1173 Wólczańska
7%
1203 Wytwórnia Szczepionek
7%
1204 | 1205 Zabytkowa
7%
1237 | 1238 Zemborzyce Dolne
7%
25 | 26 Biernackiego
6%
85 | 86 Ciecierzyn - Żulin II
6%
87 | 88 Ciecierzyn - Żulin III
6%
129 | 130 Dobrzańskiego II
6%
159 | 160 Dworzec Gł. PKS - Ruska
6%
238 | 239 Franciszków- Szkolna II
6%
303 | 304 Hospicjum Małego Księcia
6%
325 | 326 Jacków - fabryka
6%
342 | 343 Jakubowice - Ogrodowa
6%
390 | 391 | 392 Kasprowicza - Wólka
6%
452 | 453 Konopnica - szkoła
6%
464 Kosynierów I
6%
471 | 472 Kozubszczyzna
6%
483 | 484 Krasienin Kolonia
6%
511 | 512 Kuncewiczowej
6%
506 | 507 Ku Słońcu
6%
516 Laurowa
6%
529 | 530 Lipska
6%
594 Metalurgiczna II
6%
659 | 660 Niepodległości - szpital
6%
746 | 747 Panieńszczyzna - cmentarz
6%
825 | 826 Poranna
6%
923 | 924 Rudnik PKP
6%
1042 | 1043 Ślężan
6%
1046 | 1047 Świdniczek
6%
1049 Świdnik Duży Leśniczówka
6%
1058 | 1059 | 1060 Świdnik stadion
6%
1251 | 1252 Zemborzyce Tereszyńskie
6%
1290 | 1291 Żwirki i Wigury II
6%
66 | 67 Bystrzyca - szkoła
5%
82 | 83 Ciecierzyn - szkoła
5%
103 | 104 Czerniejów - szkoła
5%
122 | 123 Dębówka PKS
5%
184 | 185 Dys - szkoła
5%
189 | 190 Dys - zalew
5%
214 Elizówka hotel
5%
215 Elizówka II
5%
234 | 235 Franciszków - skrzyżowanie
5%
329 | 330 Jacków sklep
5%
335 | 336 Jakubowice - Akacjowa
5%
346 | 347 Jakubowice - Szkolna
5%
374 | 375 Kalinówka - skrzyżowanie
5%
376 | 377 Kalinówka - stacja paliw
5%
406 | 407 Kawka - szklarnia
5%
414 Kino LOT
5%
417 Kleopatry
5%
423 | 424 Kmieca
5%
440 | 441 Kolonia Świdnik Mały
5%
492 | 493 Krężnica Jara PKP
5%
547 Łagiewnicka
5%
520 | 521 Letniskowa
5%
535 | 536 | 537 Lotników Polskich - działki
5%
539 | 540 | 541 Lotników Polskich stacja paliw
5%
553 | 554 Łysaków
5%
573 | 574 Marysin - Natalin
5%
583 | 584 Mełgiew - Lubelska
5%
621 | 622 Motycz - chłodnia
5%
635 | 636 Motycz Leśny PKP
5%
637 | 638 Motycz PKP
5%
856 | 857 Ptasia
5%
866 | 867 Rapackiego
5%
971 | 972 Smugi II
5%
975 | 976 Snopków I
5%
977 | 978 Snopków II
5%
973 | 974 Snopków - osiedle
5%
1003 | 1004 Stasin Polny PKP
5%
1021 Szafranowa
5%
1106 Unii Lubelskiej
5%
1209 | 1210 Zagrodna
5%
1262 | 1263 Zorza - sklep
5%
64 | 65 Bystrzyca - kościół
4%
74 | 75 Charlęż
4%
89 | 90 Ciecierzyn I
4%
176 | 177 Dworzec Świdnik Wschodni
4%
180 Dworzec Towarowy PKP II
4%
181 | 182 Dys - Gajowa
4%
197 | 198 Dziubińskiej
4%
263 | 264 Głuszczyzna - sklep
4%
361 | 362 Jawidz II
4%
382 | 383 Kalinówka Dwie Topole
4%
378 | 379 Kalinówka - wiadukt
4%
402 | 403 Kawka - remiza
4%
430 | 431 Kolonia Dominów
4%
449 | 450 | 451 Konopnica - skrzyżowanie
4%
465 Kosynierów II
4%
481 | 482 Krasienin Kolonia - szkoła
4%
489 | 490 Krężnica Jara - most
4%
551 | 552 Łysakowska
4%
982 | 983 Sobianowice
4%
998 | 999 Stasin - szkoła
4%
1141 Węglin - centrum handlowe
4%
1253 | 1254 Zemborzyce Wojciechowskie
4%
29 | 30 Biskupie Kolonia
3%
70 | 71 Charlęż - las
3%
72 | 73 Charlęż - szkoła
3%
99 | 100 Cukrownicza
3%
183 Dys - Samsonówka
3%
187 | 188 Dys - Wąwozowa II
3%
191 | 192 Dys - Zbożowa
3%
245 Gen. Okulickiego I
3%
246 Gen. Okulickiego II
3%
337 Jakubowice - Czeremchowa
3%
338 | 339 Jakubowice - Kasztanowa
3%
344 | 345 Jakubowice - Słoneczne Wzgórze
3%
359 | 360 Jastków Podleśny
3%
388 | 389 Kasprowicza - szkoła
3%
418 | 419 Klonowa - kosciół
3%
432 | 433 Kolonia Pliszczyn
3%
438 | 439 Kolonia Świdnik Mały - rondo
3%
467 | 468 | 469 | 470 Kozubszczyzna - Urząd Gminy
3%
479 | 480 Krasienin - skrzyżowanie
3%
548 | 549 Łagiewniki
3%
524 | 525 Lipeckiego
3%
559 Majdanek - cmentarz
3%
585 Mełgiew - Lubelska II
3%
630 | 631 Motycz Góry
3%
623 | 624 | 625 Motycz - hotel
3%
626 | 627 Motycz - szkoła
3%
656 | 657 Nasutów - masarnia
3%
709 Osmolice Pierwsze - rondo
3%
716 Osmolice Pierwsze rondo
3%
798 | 799 Płouszowice - cegielnia
3%
835 | 836 Pólko - Kasztanowa
3%
851 | 852 Pszczela - cmentarz
3%
853 | 854 | 855 Pszczela - granica miasta
3%
860 | 861 Racławicka - os. Radość
3%
901 | 902 | 903 | 904 Rondo Lubelskiego Lipca 80
3%
962 Słoneczna
3%
981 Sobianowice - szkoła
3%
995 | 996 Stara Wieś
3%
997 Stary Gaj
3%
1001 | 1002 Stasin Polny - wiadukt
3%
1035 Szpital Kolejowy
3%
1081 | 1082 Tomaszowice - Lipy
3%
1083 Tomaszowice - sklep
3%
1084 | 1085 Traugutta - szkoła
3%
1107 Uniszowice - działki
3%
1158 Wilhelma Hessa
3%
1177 | 1178 Wólka II
3%
1197 | 1198 Wyścigowa - szkoła
3%
1191 | 1192 Wyszyńskiego - cmentarz
3%
1234 Zemborzyce - kościól
3%
1235 | 1236 Zemborzyce - kościół
3%
1249 | 1250 Zemborzyce Tereszyńskie - szkoła
3%
1260 | 1261 Zorza - fabryka
3%
207 | 208 Elizówka - obwodnica
2%
290 | 291 Grygowej MPK
2%
340 | 341 Jakubowice - Nowomiejska
2%
393 | 394 Kasprowicza - Zadębie
2%
425 | 426 Kolonia Dąbrowica - ośrodek zdrowia
2%
434 | 435 Kolonia Pliszczyn II
2%
473 | 474 Kozubszczyzna II
2%
466 Kozubszczyzna - przejazd
2%
477 | 478 Krasienin - Lipy
2%
568 | 569 Marianówka
2%
644 | 645 Nadleśnictwo Świdnik
2%
663 Niepodległości I
2%
705 | 706 Osmolice Pierwsze - Leśniczówka
2%
707 | 708 Osmolice Pierwsze - Małysówka
2%
771 Pietrzakowizna
2%
775 | 776 Piotrowice Wielkie
2%
792 | 793 Pliszczyn - remiza
2%
800 | 801 Płouszowice - kapliczka
2%
804 | 805 Płouszowice Kolonia
2%
837 | 838 Pólko - Lipowa
2%
914 | 915 Rondo Żołnierzy Wyklętych
2%
925 Rusałka
2%
984 | 985 Sobianowice II
2%
979 | 980 Sobianowice - skrzyżowanie
2%
1056 | 1057 Świdnik Mały szkoła
2%
1063 Tama
2%
1109 | 1110 Uniszowice - sklep meblowy
2%
1111 Uniszowice - stawy
2%
1119 Vetterów II
2%
1136 Wesoła
2%
1180 | 1181 | 1182 Wólka masarnia
2%
1223 | 1224 Zawieprzyce - skrzyżowanie
2%
1242 Zemborzyce Podleśne - sklep
2%
1246 Zemborzyce Podleśne sklep
2%
6 Abramowicka - posesja 101
1%
115 Dąbrowica - sklep
1%
116 Dąbrowica - warsztat
1%
254 giełda
1%
296 | 297 Helenów I
1%
333 | 334 Jagiellońska
1%
348 | 349 Jakubowice - Zemborska
1%
372 | 373 Kalinowszczyzna II
1%
404 | 405 Kawka - sklep
1%
436 | 437 Kolonia Snopków
1%
550 Łagiewniki PGE
1%
538 Lotników Polskich - Krępiec Kolonia
1%
595 Mętów - skład węgla
1%
628 | 629 Motycz Gawidzielówka
1%
632 | 633 Motycz Leśny - przejazd
1%
653 | 654 Nasutów - kolonia
1%
710 | 711 Osmolice Pierwsze - Stara Wieś
1%
712 | 713 Osmolice Pierwsze - Strażacka
1%
714 | 715 Osmolice Pierwsze - Szkolna
1%
761 | 762 Partyzantów - kościół
1%
802 | 803 Płouszowice Drugie - zajazd
1%
806 | 807 Płouszowice Pierwsze
1%
993 | 994 Stara Wieś - remiza
1%
1050 | 1051 Świdnik Duży Pierwszy
1%
1022 Szerokie - drukarnia
1%
1108 Uniszowice - kapliczka
1%
1193 | 1194 Wyszyńskiego - Klonowa
1%
1195 | 1196 Wyszyńskiego - Wiejska
1%
1241 Zemborzyce Górne I
1%
1244 | 1245 Zemborzyce Podleśne I
1%
1247 | 1248 Zemborzyce Podleśne skrzyżowanie
1%
1255 | 1256 Zemborzyce Wojciechowskie II
1%
94 Cienista las
0%
281 Grottgera
0%
318 Iynierska
0%
517 Leclerc Turystyczna
0%
518 Leclerc Zana
0%
658 Niepodległosci - pl. Konstytucji
0%
680 Ordonówny II
0%
1048 Świdnik - Racławicka II
0%
1020 Szafanowa
0%
1023 Szerokie - posesja 101
0%
1076 Tesco
0%
1211 | 1212 Zakład Usługowy
0%
1213 Zakłady Tytoniowe
0%
Nie znaleziono quizów pasujących do podanych kryteriów
Rozkład punktacji
Procent ludzi z każdym wynikiem
Percentyl według liczby udzielonych odpowiedzi
Twoja historia wyników
Nie rozwiązałeś tego quizu